Países Nórdicos - Estadísticas

Estadísticas generales
  • Esta prueba ha sido intentada 97 veces
  • La puntuación promedio es 5 de 5
Estadísticas de respuestas
País % Correcto
Dinamarca
100%
Noruega
100%
Suecia
99%
Finlandia
98%
Islandia
97%
No se encontraron pruebas coincidentes
Distribución de puntuación
Porcentaje de gente con cada puntuación
Porcentaje por número respondido
Historial de tus puntuaciones
No has intentado esta prueba.